| 000 | 00796cab a2200241 4500 | ||
|---|---|---|---|
| 001 | ABS50784 | ||
| 008 | 090401t1994 xxu||||| |||| 00| 0 eng d | ||
| 035 | _a(Sirsi) u45463 | ||
| 041 | _aeng | ||
| 100 | _aHewes, M. | ||
| 245 | _aHome loss, away win | ||
| 260 | _c1994 | ||
| 350 | _a0 | ||
| 490 |
_aBuilding Market Report _vJune 1994, 2-4(3) |
||
| 520 | _aA survey of 50 top British contractors and housebuilders carried out by Construction Forecasting & Research points out that overseas turnover in these companies has fallen sharply since 1989; in the UK it has risen despite the recession. | ||
| 650 | _aCONSTRUCTION COMPANIES | ||
| 650 | _aCONSTRUCTION MARKET | ||
| 650 | _aFAR EAST | ||
| 650 | _aRESULTS | ||
| 690 | _aBUILT ENVIRONMENT | ||
| 942 | _n0 | ||
| 948 | _c04/03/1997 | ||
| 999 |
_c28836 _d28836 |
||